00257nam a2200109Ia 4500008004100000100002200041245002600063260002000089260000900109546001200118999001700130170619s9999 xx 000 0 und d aKhan- M. Y. Jain 0aManagement accounting bNew Delhi T M H c2004 aENGLISH c21943d21943